Central Library OPAC University of Rajshahi

The art of cross-examination / (Record no. 4860)

MARC details
000 -LEADER
fixed length control field 00579cam a2200217u 4500
001 - CONTROL NUMBER
control field 4860
003 - CONTROL NUMBER IDENTIFIER
rucl marc code BD-RjUL
005 - DATE AND TIME OF LATEST TRANSACTION
control field 20211208233952.0
008 - FIXED-LENGTH DATA ELEMENTS--GENERAL INFORMATION
fixed length control field 131223s1953 ii 000 0 eng
035 ## - SYSTEM CONTROL NUMBER
System control number (BD-RjUL)4895
040 ## - CATALOGING SOURCE
Original cataloging agency DLC
Transcribing agency CarP
Modifying agency DLC
Language of cataloging eng
041 ## - LANGUAGE CODE
Language code of text/sound track or separate title eng
082 ## - DEWEY DECIMAL CLASSIFICATION NUMBER
Edition number 23
Classification number 347.41066083
Author mark and year SAA 1953
100 1# - MAIN ENTRY--PERSONAL NAME
Personal name Saksena, Kashi Prasad,
Dates associated with a name 1901-
9 (RLIN) 15328
245 14 - TITLE STATEMENT
Title The art of cross-examination /
260 ## - PUBLICATION, DISTRIBUTION, ETC. (IMPRINT)
Place of publication, distribution, etc. Lucknow,
Name of publisher, distributor, etc. Eastern Book Co.
Date of publication, distribution, etc. 1953
300 ## - PHYSICAL DESCRIPTION
Pagination 200 p.
Size 23 cm.
650 #0 - SUBJECT ADDED ENTRY--TOPICAL TERM
Topical term or geographic name as entry element Cross-examination.
9 (RLIN) 15329
942 ## - ADDED ENTRY ELEMENTS (KOHA)
Source of classification or shelving scheme Dewey Decimal Classification
Koha item type Books
Holdings
Lost status Source of classification or shelving scheme Damaged status Not for loan Collection code Permanent Location Current Location Shelving location Date acquired Source of acquisition Cost, normal purchase price Total Checkouts Full call number Date last seen Copy number Koha item type
  Dewey Decimal Classification     Non-fiction Central Library, University of Rajshahi Central Library, University of Rajshahi   21/04/1965 Zitlinger 20.00   347.41066083 SAA 1953 23/12/2013 C-3 Books
  Dewey Decimal Classification     Non-fiction Central Library, University of Rajshahi Central Library, University of Rajshahi   21/04/1965 Zeitlinger 20.00   347.41066083 SAA 1953 23/01/2014 C-4 Books
  Dewey Decimal Classification   Not For Loan Non-fiction Central Library, University of Rajshahi Central Library, University of Rajshahi Reading Room 08/06/1955 Allies Books Corp. 8.00   347.41066083 SAA 1953 02/02/2017 C-1 Books